| 000 | 00412cam a2200157ua 4500 | ||
|---|---|---|---|
| 041 |
_aeng _h |
||
| 082 |
_a332.41 _bBRI/IN |
||
| 100 | _aBright, Singh.D . | ||
| 245 |
_aInflationary price trends in India since 1939 / _cD.Bright Singh. _hTextual Documents |
||
| 250 |
_a1 / _b. |
||
| 260 |
_aMumbai : _bAsia Publishing House , _c1961. |
||
| 300 | _a307 ; . | ||
| 504 | _a | ||
| 942 | _cBK | ||
| 999 |
_c2119 _d2119 |
||